000 00420nam a2200169Ia 4500
003 IT-RoPAU
008 120407s9999 xx 000 0 und d
040 _aIT-RoPAU
040 _cIT-RoPAU
100 _aWalter Beyerlin
245 _aAntico Testamento: Testi religiosi per lo studio dell'Antico Testamento (supplementi 1)
250 _aBrescia
260 _aPaideia
300 _c cm
490 _v1
942 _cBK
999 _c9040
_d9040